| Tag |
First Indicator |
Second Indicator |
Subfields |
| LEADER |
00000cgm a2200000Ia 4500 |
| 001 |
in00003340121 |
| 005 |
20151206085726.0 |
| 007 |
vd cvaizk |
| 008 |
070914p20071983gw 109 vlzxx d |
| 024 |
1 |
|
|a 044007343326
|
| 028 |
4 |
1 |
|a 00440 073 4332
|b Deutsche Grammophon
|
| 033 |
2 |
0 |
|a 19831123
|a 19841022
|
| 035 |
|
|
|a (OCoLC)ocn176160586
|
| 035 |
|
|
|a (OCoLC)176160586
|
| 040 |
|
|
|a ZMS
|c ZMS
|d ZMS
|d NGW
|d CPG
|d B6U
|d BCO
|d OCLCA
|d TXA
|d UtOrBLW
|
| 041 |
0 |
|
|g eng
|g fre
|g ger
|m eng
|
| 048 |
|
|
|b ka01
|a oa
|
| 049 |
|
|
|a TXAM
|
| 050 |
|
4 |
|a M1010.B7
|b A1 Z55
|
| 082 |
0 |
4 |
|a 786.2
|
| 090 |
|
|
|a M1010.B8
|b P54 2007
|
| 245 |
0 |
4 |
|a The piano concertos /
|c Brahms.
|
| 264 |
|
1 |
|a Hamburg :
|b Deutsche Grammophon :
|b Unitel Classica,
|c 2007
|
| 264 |
|
4 |
|c ℗1988
|
| 300 |
|
|
|a 1 videodisc (109 min.) :
|b sound, color ;
|c 4 3/4 in.
|
| 336 |
|
|
|a two-dimensional moving image
|b tdi
|2 rdacontent
|
| 337 |
|
|
|a video
|b v
|2 rdamedia
|
| 338 |
|
|
|a videodisc
|b vd
|2 rdacarrier
|
| 538 |
|
|
|a DVD; PCM stereo., DTS 5.1; aspect ratio 4:3; region code 0 (worldwide).
|
| 500 |
|
|
|a Title from container.
|
| 511 |
0 |
|
|a Krystian Zimerman, piano ; Wiener Philharmoniker ; Leonard Bernstein, conductor.
|
| 508 |
|
|
|a Directed by Humphrey Burton ; Gudrun Mockert-Keyser, Gerdi Kühle, Greta Bense, film editors ; Yngve Mansvik, Hans Jura, directors of photography ; a production of Unitel GmbH Co. KG, Munich in association with Video Music Productions, Inc., New York.
|
| 518 |
|
|
|a Recording: Musikvereinssaal, 23-29 November 1983 (no. 1), 15-22 October 1984 (no. 2).
|
| 500 |
|
|
|a Previously issued by Deutsche Grammophon in 1988.
|
| 500 |
|
|
|a Program notes by Richard Evidon in English with French and German translations (12 pages : ports.) inserted in container.
|
| 505 |
0 |
|
|a Concerto for piano and orchestra no. 1 in D minor, op. 15 -- Concerto for piano and orchestra no. 2 in B flat major, op. 83.
|
| 520 |
0 |
|
|a Leonard Bernstein conducts pianist Krystian Zimerman and the Vienna Philharmonic Orchestra playing Johannes Brahms' 2 piano concertos.
|
| 500 |
|
|
|a Videorecording.
|
| 650 |
|
0 |
|a Concertos (Piano)
|
| 655 |
|
7 |
|a Concert films.
|2 lcgft
|
| 655 |
|
7 |
|a Filmed performances.
|2 lcgft
|
| 700 |
1 |
|
|a Bernstein, Leonard,
|d 1918-1990,
|e conductor.
|
| 700 |
1 |
|
|a Burton, Humphrey,
|d 1931-
|e director.
|
| 700 |
1 |
|
|a Zimerman, Krystian,
|e performer.
|
| 700 |
1 |
2 |
|a Brahms, Johannes,
|d 1833-1897.
|t Concertos,
|m piano, orchestra,
|n no. 1, op. 15,
|r D minor.
|
| 700 |
1 |
2 |
|a Brahms, Johannes,
|d 1833-1897.
|t Concertos,
|m piano, orchestra,
|n no. 2, op. 83,
|r B♭ major.
|
| 710 |
2 |
|
|a Wiener Philharmoniker,
|e performer.
|
| 710 |
2 |
|
|a Unitel Film- und Fernsehproduktionsgesellschaft mbH.
|
| 710 |
2 |
|
|a Video Music Productions.
|
| 710 |
2 |
|
|a Deutsche Grammophon (Firm)
|
| 710 |
2 |
|
|a Unitel Classica (Firm)
|
| 994 |
|
|
|a C0
|b TXA
|
| 948 |
|
|
|a cataloged
|b h
|c 2013/11/8
|d c
|e blrosas
|f 12:14:06 pm
|
| 999 |
|
|
|a MARS
|
| 999 |
f |
f |
|s 49a22eca-fb6a-3a49-8392-882282cc8965
|i e6150404-3a21-35ee-9190-b0eeb5637dd7
|t 0
|
| 952 |
f |
f |
|p dvd
|a Texas A&M University
|b College Station
|c Sterling C. Evans Library
|d Evans: Media and Reserves (Annex 1st floor)
|t 0
|e M1010.B8 P54 2007
|h Library of Congress classification
|i video -- videodisc
|m A14842127962
|
| 998 |
f |
f |
|a M1010.B8 P54 2007
|t 0
|l Evans: Media and Reserves (Annex 1st floor)
|